Rice / (Record no. 9003)
[ view plain ]
| 000 -LEADER | |
|---|---|
| fixed length control field | 00996nam a22002777a 4500 |
| 001 - CONTROL NUMBER | |
| control field | 9003 |
| 003 - CONTROL NUMBER IDENTIFIER | |
| control field | FISKH |
| 005 - DATE AND TIME OF LATEST TRANSACTION | |
| control field | 20260424082054.0 |
| 008 - FIXED-LENGTH DATA ELEMENTS--GENERAL INFORMATION | |
| fixed length control field | 251113b cb ||||| |||| 00| 0 eng d |
| 020 ## - INTERNATIONAL STANDARD BOOK NUMBER | |
| International Standard Book Number | 9780462004761 |
| 040 ## - CATALOGING SOURCE | |
| Original cataloging agency | FISKH |
| Language of cataloging | eng |
| Transcribing agency | FISKH |
| Modifying agency | FISKH |
| 050 ## - LIBRARY OF CONGRESS CALL NUMBER | |
| Classification number | PZ7 |
| 082 ## - DEWEY DECIMAL CLASSIFICATION NUMBER | |
| Classification number | 633.18 |
| 100 ## - MAIN ENTRY--PERSONAL NAME | |
| Personal name | Ling, Judy |
| Relator term | Author |
| 245 ## - TITLE STATEMENT | |
| Title | Rice / |
| Statement of responsibility, etc. | Written by Judy Ling |
| 260 ## - PUBLICATION, DISTRIBUTION, ETC. | |
| Place of publication, distribution, etc. | London : |
| Name of publisher, distributor, etc. | Marshall Cavendish Limited , |
| Date of publication, distribution, etc. | 2008 |
| 300 ## - PHYSICAL DESCRIPTION | |
| Extent | 16 pages : |
| Other physical details | color illustrations ; |
| Dimensions | 16 x 19 cm |
| 490 ## - SERIES STATEMENT | |
| Series statement | My pals are here! Reading stars : |
| Volume/sequential designation | 5e |
| 505 ## - FORMATTED CONTENTS NOTE | |
| Formatted contents note | G<br/> |
| 520 ## - SUMMARY, ETC. | |
| Summary, etc. | Rice by Judy Ling is an easy nonfiction book that explains where rice comes from, how it grows in fields, and how people around the world use it for food. With simple text and colorful pictures, it helps young readers understand the importance of rice as a staple food. |
| 521 8# - TARGET AUDIENCE NOTE | |
| Target audience note | 400<br/> |
| Source | Lexile estimate<br/> |
| 521 8# - TARGET AUDIENCE NOTE | |
| Target audience note | G<br/> |
| Source | Raz-Plus<br/> |
| 650 ## - SUBJECT ADDED ENTRY--TOPICAL TERM | |
| Topical term or geographic name entry element | Meals |
| Form subdivision | Rice |
| 942 ## - ADDED ENTRY ELEMENTS (KOHA) | |
| Source of classification or shelving scheme | Dewey Decimal Classification |
| Koha item type | Books |
| Suppress in OPAC | No |
| Withdrawn status | Lost status | Source of classification or shelving scheme | Damaged status | Not for loan | Home library | Current library | Shelving location | Date acquired | Total Checkouts | Full call number | Barcode | Date last seen | Copy number | Price effective from | Koha item type |
|---|---|---|---|---|---|---|---|---|---|---|---|---|---|---|---|
| Dewey Decimal Classification | Footprints International School Library Network Toul Tom Poung Campus | Footprints International School Library Network Toul Tom Poung Campus | TTP Primary Dark Blue Bookshelves | 11/13/2025 | LIN 633.18 PZ7 | FISBK06215 | 11/13/2025 | 1 | 11/13/2025 | Books | |||||
| Dewey Decimal Classification | Footprints International School Library Network Toul Tom Poung Campus | Footprints International School Library Network Toul Tom Poung Campus | TTP Primary Dark Blue Bookshelves | 04/23/2026 | LIN 633.18 PZ7 | FISTK03218 | 04/23/2026 | 2 | 04/23/2026 | Books | |||||
| Dewey Decimal Classification | Footprints International School Library Network Toul Tom Poung Campus | Footprints International School Library Network Toul Tom Poung Campus | TTP Primary Dark Blue Bookshelves | 04/24/2026 | LIN 633.18 PZ7 | FISTK03219 | 04/24/2026 | 3 | 04/24/2026 | Books |
